Man and Nation: Monography series no.1/ (Record no. 192075)

MARC details
000 -LEADER
fixed length control field 00578nam a22001817a 4500
005 - DATE AND TIME OF LATEST TRANSACTION
control field 20220912104449.0
010 ## - LCCN (DPL NO)
LC control number ENG-135003
020 ## - INTERNATIONAL STANDARD BOOK NUMBER
Terms of availability 200.00
International Standard Book Number 978-93-84566-04-3
035 ## - SYSTEM CONTROL NUMBER
System control number EN-118535
037 ## - SOURCE OF ACQUISITION
Source of stock number/acquisition DBAD/PUB
082 ## - DEWEY DECIMAL CLASSIFICATION NUMBER
Classification number 378.54147
100 ## - MAIN ENTRY--PERSONAL NAME
Personal name Chakraborty, Debdutta
245 ## - TITLE STATEMENT
Title Man and Nation: Monography series no.1/
Statement of responsibility, etc Debdutta Chakraborty
260 ## - PUBLICATION, DISTRIBUTION, ETC. (IMPRINT)
Place of publication, distribution, etc Kolkatta
Name of publisher, distributor, etc Institute of Social and Cultural Studies
Date of publication, distribution, etc 2017
270 ## - ADDRESS
Address 48/2, Dr. Suresh Sarkar Road
City Kolkatta
Postal code 700014
300 ## - PHYSICAL DESCRIPTION
Extent 136p.
Dimensions 21cm(pbk)
942 ## - ADDED ENTRY ELEMENTS (KOHA)
Source of classification or shelving scheme Dewey Decimal Classification
Item type English Books
Classification part 378.54147
Call number suffix CHA
Holdings
Withdrawn status Lost status Not for loan Collection code Home library Current library Date acquired Source of acquisition Cost, normal purchase price Full call number Barcode Copy number Cost, replacement price Koha item type
      Non-fiction Shahdara Branch Shahdara Branch 12/09/2022 DBAD/PUB 200.00 378.54147 CHA EN-118535 1 200.00 English Books

© Delhi Public Library
Hit Counter
free hit counter